000 00861nam a2200217 a 4500
001 000385319
003 AM-YeHGA
005 20250618072324.0
008 041119s1954 le 000 1 arm d
040 _aAM-YeHGA
041 0 _aarm
100 1 _aՓափազյան, Վրթանես Մեսրոպի,
_d1866-1920
_91606
245 1 0 _aԼուր-դա-լուր :
_b(Քրդական պոեմ) /
_cՎ. Փափազյան; Պատկ.՝ Յովհ. Շաւարշ.
260 _aՊէյրութ :
_bտպ. Էտվան,
_c1954.
300 _a17 էջ :
_b1 թ. դիմանկ., գուն. նկ. ;
_c22 սմ.
440 0 _aՄանկա-պատանեկան գրականութիւն
_vթիւ 1
650 1 4 _aՀայ մանկական գրականություն
_xՊոեզիա
700 1 _aՀովհաննես, Շավարշ,
_d1908-1980
_eնկ.
_4art
_91988
942 _2udc
_cBK
090 _c148135
999 _c146748
_d146748